Z Archiwum Polskiego Beatu vol. 12 (Lp Sx 2397) (Record n. 99633)

Dettagli MARC
000 -LEADER
fixed length control field 03224njm a2200469Ia 4500
001 - CONTROL NUMBER
control field 73275
003 - CONTROL NUMBER IDENTIFIER
control field IT-RoPAU
005 - DATE AND TIME OF LATEST TRANSACTION
control field 20220918181119.0
008 - FIXED-LENGTH DATA ELEMENTS--GENERAL INFORMATION
fixed length control field 131025s9999 xx 000 0 und d
040 ## - CATALOGING SOURCE
Original cataloging agency IT-RoPAU
040 ## - CATALOGING SOURCE
Transcribing agency IT-RoPAU
041 ## - LANGUAGE CODE
Language code of text/sound track or separate title POLACCO
999 ## - SYSTEM CONTROL NUMBERS (KOHA)
Koha Dewey Subclass [OBSOLETE] n.d.
100 ## - MAIN ENTRY--PERSONAL NAME
Personal name AA.VV.
9 (RLIN) 794
100 ## - MAIN ENTRY--PERSONAL NAME
Relator term Autore musica
9 (RLIN) 24878
100 ## - MAIN ENTRY--PERSONAL NAME
Miscellaneous information Codice autore musica SPICS: 12000
9 (RLIN) 796
245 ## - TITLE STATEMENT
Title Z Archiwum Polskiego Beatu vol. 12 (Lp Sx 2397)
250 ## - EDITION STATEMENT
Edition statement 1a ed.
260 ## - PUBLICATION, DISTRIBUTION, ETC. (IMPRINT)
Place of publication, distribution, etc. POLONIA
260 ## - PUBLICATION, DISTRIBUTION, ETC. (IMPRINT)
Name of publisher, distributor, etc. MUZA
Date of publication, distribution, etc. 1987 [1a Ed.:1968 - Ed. Lingua Orig.: 1968]
300 ## - PHYSICAL DESCRIPTION
Extent DISCO
500 ## - GENERAL NOTE
General note Musica leggera polacca. Canzone polacca
505 ## - FORMATTED CONTENTS NOTE
Formatted contents note U Nas Najweselej (Da noi è più allegro) - Krajobrazy (Il panorama) - Zrob To Dla Mnie (Fallo per me) - Odjechalas Nie Wiem Sam Dokad (Sei partita non so per dove) - Chce Po Twoich Poznac Oczach (Voglio capire guardando nei tuoi occhi) - Znamy Sie Tylko Z Widzenia (Ci conosciamo solo di vista) - Wrocimy Kiedys Znow (Torneremo) - Powiedz Kim Jestes (Dimmi chi sei) - Na Mazowszu - Bylas Tu (Eri qui) - A Wiec Nie (Allora no) - Sloneczniki Kwiaty (Girasoli fiori) - Chlopiec Twoj (Ragazzo tuo)
650 ## - SUBJECT ADDED ENTRY--TOPICAL TERM
Topical term or geographic name as entry element MUSICA POLACCA [DISCHI]
Relator term Codice MATERIA SPICS: 9950
9 (RLIN) 24879
700 ## - ADDED ENTRY--PERSONAL NAME
Personal name Trubadurzy
Miscellaneous information Codice interprete SPICS: 25571
Relator term Interprete
9 (RLIN) 24880
700 ## - ADDED ENTRY--PERSONAL NAME
Personal name Poznakowski R.
Miscellaneous information Codice autore musica SPICS: 25103
Relator term Autore musica
Name of part/section of a work U Nas Najweselej - Krajobrazy - Odjechalas Nie Wiem Sam Dokad - Znamy Sie Tylko Z Widzenia - Wrocimy Kiedys Znow - Powiedz Kim Jestes - Na Mazowszu - Bylas Tu
9 (RLIN) 24881
700 ## - ADDED ENTRY--PERSONAL NAME
Personal name Winkler K.
Miscellaneous information Codice autore testo/musica SPICS: 25189
Relator term Autore testo/musica
Name of part/section of a work U Nas Najweselej - A Wiec Nie
9 (RLIN) 24882
700 ## - ADDED ENTRY--PERSONAL NAME
Personal name Kondratowicz J.
Miscellaneous information Codice autore testo/musica SPICS: 25196
Relator term Autore testo/musica
Name of part/section of a work Krajobrazy - Odjechalas Nie Wiem Sam Dokad - Powiedz Kim Jestes - Na Mazowszu
9 (RLIN) 24883
700 ## - ADDED ENTRY--PERSONAL NAME
Personal name Krawczyk Krzysztof
Miscellaneous information Codice autore musica SPICS: 25171
Relator term Autore musica
Name of part/section of a work Zrob To Dla Mnie
9 (RLIN) 24884
700 ## - ADDED ENTRY--PERSONAL NAME
Personal name Lichtman M.
Miscellaneous information Codice autore testo/musica SPICS: 25420
Relator term Autore testo/musica
Name of part/section of a work Zrob To Dla Mnie
9 (RLIN) 24885
700 ## - ADDED ENTRY--PERSONAL NAME
Personal name Gartner K.
Miscellaneous information Codice autore musica SPICS: 25424
Relator term Autore musica
Name of part/section of a work Chce Po Twoich Poznac Oczach
9 (RLIN) 24886
700 ## - ADDED ENTRY--PERSONAL NAME
Personal name Dzikowski K.
Miscellaneous information Codice autore testo/musica SPICS: 25190
Relator term Autore testo/musica
Name of part/section of a work Chce Po Twoich Poznac Oczach
9 (RLIN) 24887
700 ## - ADDED ENTRY--PERSONAL NAME
Personal name Glogowski M.
Miscellaneous information Codice autore testo/musica SPICS: 25510
Relator term Autore musica
Name of part/section of a work Znamy Sie Tylko Z Widzenia
9 (RLIN) 24888
700 ## - ADDED ENTRY--PERSONAL NAME
Personal name Krynicz J.
Miscellaneous information Codice autore testo/musica SPICS: 25528
Relator term Autore testo/musica
Name of part/section of a work Wrocimy Kiedys Znow
9 (RLIN) 24889
700 ## - ADDED ENTRY--PERSONAL NAME
Personal name Senar
Miscellaneous information Codice autore testo/musica SPICS: 25514
Relator term Autore testo/musica
Name of part/section of a work Bylas Tu
9 (RLIN) 24890
700 ## - ADDED ENTRY--PERSONAL NAME
Personal name Mart J.
Miscellaneous information Codice autore musica SPICS: 25446
Relator term Autore musica
Name of part/section of a work A Wiec Nie
9 (RLIN) 24891
700 ## - ADDED ENTRY--PERSONAL NAME
Personal name Kowalewski S.
Miscellaneous information Codice autore musica SPICS: 25419
Relator term Autore musica
Name of part/section of a work Sloneczniki Kwiaty
9 (RLIN) 24892
700 ## - ADDED ENTRY--PERSONAL NAME
Personal name Piast A.
Miscellaneous information Codice autore testo/musica SPICS: 25529
Relator term Autore testo/musica
Name of part/section of a work Sloneczniki Kwiaty
9 (RLIN) 24893
700 ## - ADDED ENTRY--PERSONAL NAME
Personal name Korzynski Andrej
Miscellaneous information Codice autore musica SPICS: 25095
Relator term Autore musica
Name of part/section of a work Chlopiec Twoj
9 (RLIN) 24894
700 ## - ADDED ENTRY--PERSONAL NAME
Personal name Miller J.
Miscellaneous information Codice autore testo/musica SPICS: 25498
Relator term Autore testo/musica
Name of part/section of a work Chlopiec Twoj
9 (RLIN) 24895
942 ## - ADDED ENTRY ELEMENTS (KOHA)
Koha item type DISCHI
Source of classification or shelving scheme Dewey Decimal Classification
Dati di copia
Withdrawn status Lost status Damaged status Not for loan Home library Current library Date acquired Total Checkouts Full call number Date last seen Price effective from Koha item type Public note
    Buone Condizioni Not For Loan SPICS-MEDIATECA SPICS-MEDIATECA 25/10/2013   73275 25/10/2013 25/10/2013 DISCHI Progr. Ins.: 17596 / N.Vol.: 1 / Copie: 1 - Copia rara: n.d. / date import: 01.01.2014 - By Epidotti, Trombetti, Vaglietti
CREDITS: SOCIETA' SAN PAOLO Via A.Severo, 58 - ROMA (RM) & PERIODICI SAN PAOLO SRL Via Giotto, 36 MILANO & CISF Via Giotto, 36 MILANO & EDIZIONI SAN PAOLO SRL,  Piazza Soncino, 5 CINISELLO BALSAMO (MI) -- ITALY